[Event "Travemünde Open"]
[Site "?"]
[Date "2006.12.27"]
[Round "2"]
[White "SCHMID, Thomas"]
[Black "JUNG, Gerald"]
[Result "1-0"]
[WhiteElo "2216"]
[BlackElo "2023"]
[Annotator "EMS - Gerald Jung"]
[PlyCount "59"]
[EventDate "2006.??.??"]
[SourceDate "2015.04.14"]

{A00: Unregelmäßige Eröffnungen} 1. Nc3 {Eine Partie gegen einen
Linksspringerfreund ! Meine Base verriet mir seine 2004-Partie gegen Mainka,
wir folgten tatsächlich dieser Partie bis Zug 10 ! Im weiteren Verlauf
unterlag ich allerdings infolge krasser Fehleinschätzung der
Stellungsbehandlung bzw. völliger Unterschätzung der Schwäche von f6 -als
kleiner Trost bliebe, dass der schwarze Aufbau objektiv ziemlich günstig ist..
.} d5 2. e4 d4 3. Nce2 e5 4. Ng3 Be6 5. c3 c5 6. Bb5+ Nd7 7. Nf3 f6 (7... Bd6
8. b4 Ngf6 9. bxc5 Bxc5 10. Nxe5 O-O 11. Nxd7 Nxd7 12. O-O Ne5 13. Nf5 d3 14.
Ne3 a6 15. Ba4 Qh4 16. f3 Rad8 {Edlund,R-Kiik,K/33rd Rilton Cup, Stockholm SWE
2003/0-1 (31)}) 8. O-O (8. d3 Qa5 9. Qa4 Qxa4 10. Bxa4 dxc3 11. bxc3 O-O-O 12.
Bb3 c4 13. dxc4 (13. Bxc4 Bxc4 14. dxc4 b6 $11) 13... Bc5 (13... Nc5 14. Be3
$15) 14. Nf5 Bxf5 15. exf5 Ne7 (15... g5 16. fxg6 hxg6 17. Bc2 $11) 16. Bc2 Nb6
(16... g6 17. fxg6 hxg6 18. Rb1 $11) 17. Nd2 g6 (17... Bd6 $142 $5 $11 {
kam sehr in Betracht}) 18. Ne4 $16 Nd7 19. Nxc5 Nxc5 {Eine wichtige Figur} 20.
Ba3 b6 {Befestigt c5} 21. fxg6 (21. Bxc5 bxc5 22. Rb1 Kc7 $11) 21... hxg6 22.
h4 Nf5 (22... Kd7 23. Bxc5 bxc5 24. g4 $11) 23. g3 (23. Bxc5 $5 bxc5 24. Bxf5+
gxf5 25. Rd1 $16) 23... e4 24. Ke2 (24. Bxc5 bxc5 25. Rb1 Nd6 $11) 24... Nd6 (
24... Nd3 $5 {ist zu beachten} 25. Rad1 Rhe8 $15) 25. Bxc5 $14 bxc5 26. Rad1 (
26. Rhd1 Kc7 $14) 26... Nxc4 (26... Kc7 $5 $11 {sieht gut aus}) 27. Bxe4 $16
Rde8 (27... Rhe8 28. Rxd8+ Kxd8 29. Rd1+ Kc7 30. Kf3 $16) 28. Kf3 Ne5+ 29. Kg2
f5 (29... Kc7 30. Rb1 $18) 30. Bc2 (30. Bd5 Kc7 $16) 30... Ng4 (30... Rd8 31.
Rhe1 Rxd1 32. Bxd1 $18) 31. Rhe1 (31. Rd5 Re2 32. Rxc5+ Kd8 33. Rd1+ Ke7 34.
Rc7+ Kf6 $18) 31... Rxe1 32. Rxe1 Rd8 33. Re2 Rd6 (33... Rd5 34. Re8+ Kc7 35.
Re7+ Kd8 36. Rxa7 $11) 34. Bb3 (34. h5 gxh5 35. Bxf5+ Kd8 $18) 34... Kd7 35.
Bf7 Rf6 36. Bd5 (36. Bc4 Kd6 $18) 36... Rd6 37. Bc4 Nf6 38. f3 Nd5 39. Bb5+ (
39. Bxd5 Rxd5 40. g4 fxg4 41. fxg4 Rd3 $16) 39... Kc7 40. Be8 (40. c4 Nc3 41.
Re7+ Kb6 $16) 40... f4 (40... Kd8 41. Bf7 Nxc3 42. Rc2 $14) 41. Re5 (41. Bf7
Ne3+ 42. Kh3 Rd1 43. gxf4 Rh1+ 44. Kg3 Nf5+ 45. Kf2 Rh2+ 46. Ke1 Rxe2+ 47. Kxe2
Nxh4 $16) 41... Kb6 (41... Kd8 42. Bf7 Nxc3 43. Rxc5 Nxa2 44. gxf4 $16) 42.
gxf4 (42. Rg5 $5 $16) 42... Nxc3 $14 43. a4 (43. Bf7 Rf6 44. Re6+ Rxe6 45. Bxe6
Kc6 $14) 43... Nd5 (43... Rf6 44. Kh2 $11) 44. Kg3 (44. f5 gxf5 45. Bf7 Nc3 $14
) 44... c4 (44... a6 45. Bf7 Nc3 46. Rg5 $16) 45. Rg5 $16 {Greift den Isolani
g6 an} Ne7 46. Rb5+ Kc7 47. Rc5+ Kd8 48. Bf7 (48. Bb5 $16) 48... Rd3 (48... Ra6
49. Bxc4 (49. Rxc4 $143 Rf6 50. Rd4+ Kc7 51. Rc4+ Kd8 52. Rd4+ Kc7 53. Rc4+ Kd8
$11) 49... Rxa4 50. Be6 $14) 49. Rxc4 (49. Bxc4 $142 $5 Rc3 50. Kg4 $16) 49...
Nf5+ $14 50. Kf2 Nxh4 {Nimmt den isolierten Bauern f3 ins Visier} (50... Rd2+
51. Ke1 Rg2 52. Rc6 Nxh4 53. Kf1 $16) 51. Be6 (51. Ke2 Rd7 52. Be6 Rd6 $14)
51... Rxf3+ 52. Ke2 Ra3 53. Bg4 (53. Rd4+ $5 Ke7 54. Re4 $14) 53... Nf5 $11 54.
Bxf5 gxf5 55. Rc5 Rxa4 56. Rxf5 {1/2-1/2 JUNG,G-JACOBS,F/team 2004/}) (8. Qe2
Ne7 (8... Rc8 9. Bc4 Bxc4 10. Qxc4 Ne7 11. O-O Nb6 12. Qb5+ Qd7 13. Qxd7+ Kxd7
14. d3 Nc6 15. c4 {Havenaar,J-Bellin,R/Guernsey GCI 2004/The Week in Chess 519/
0-1 (50)}) 9. Bc4 Qb6 10. a4 g6 11. a5 Qc6 12. Bxe6 Qxe6 13. a6 b6 {Spice,
A-Kekki,P/Izmir TUR 2004/The Week in Chess 518/0-1 (56)}) 8... a6 9. Be2 (9.
Bxd7+ Qxd7 10. cxd4 cxd4 11. d3 Bd6 12. Ne1 h5 13. h4 Ne7 14. Ne2 Ng6 15. g3 f5
16. exf5 Bxf5 17. Bg5 Nf8 18. f4 Bg4 19. Nf3 exf4 20. Bxf4 Ne6 21. Qd2 O-O 22.
Ne5 Bxe5 23. Bxe5 Bh3 24. Rxf8+ Rxf8 25. Nf4 Nxf4 26. Bxf4 {0-1 Duijker,R-Arp,
F/Haarlem 1998/EXT 99 (49)}) 9... Nb6 (9... Ne7 $14) 10. d3 Qd7 (10... Ne7 11.
c4 Ng6 12. Nh5 Qd7 13. Ne1 Na4 14. f4 exf4 15. Nxf4 Nxf4 16. Rxf4 Bd6 17. Rf1
O-O 18. Nf3 b5 19. b3 Nc3 20. Qe1 Qc7 21. Kh1 b4 22. Bd2 a5 23. a4 Rae8 24.
Bxc3 bxc3 25. Qh4 Bc8 26. Ne1 f5 27. Bf3 fxe4 28. dxe4 Rf4 29. Qg5 h6 30. Qd5+
Be6 31. Qh5 Bf7 32. Qh3 Qe7 33. g3 Rf6 34. Nd3 Bg6 35. Rae1 Ref8 36. Qg2 Be5
37. Kg1 Kh8 38. Qe2 Rb8 39. Qa2 Rfb6 40. Bd1 Qc7 41. Qg2 Re8 42. Qf3 Rbe6 43.
Qg4 Bd6 44. Nf2 Qe7 45. Bc2 Rf8 46. e5 Bxc2 47. exd6 Rxe1 48. dxe7 Rxe7 49. Nh3
Rxf1+ 50. Kxf1 Bd3+ 51. Kg2 c2 52. Qf4 Re3 53. Nf2 c1=Q 54. Qf8+ Kh7 55. Nxd3
Qc2+ 56. Nf2 Re5 57. g4 Qxb3 58. Qf7 Qxa4 59. Qc7 Qe8 60. Qxa5 Qc6+ 61. Kf1 Qe6
62. Qc7 Qxc4+ 63. Kg2 Re1 64. Qf4 Qd5+ 65. Kh3 {0-1 Schmid,T-Mainka (GM),R/21.
Intern. Travemuender Schach-Open 2004}) 11. a4 Rd8 (11... a5 12. Nh4 $14) 12.
a5 Nc8 13. h3 (13. Nh4 dxc3 14. bxc3 c4 $14) 13... Nge7 (13... c4 $5 {sehr
verpflichtend, die schwarze Entwicklung des Königsflügels = 0 .} 14. cxd4
exd4 15. Qc2) 14. Nh4 (14. c4 Ng6 $11) 14... Nc6 (14... dxc3 15. bxc3 c4 $5 {
-viel Gehirnschmalz in solche Abspiele gesteckt - vergebliche Mühe-} 16. dxc4
Qc6 17. Qa4 Nd6 18. c5 Qxa4 19. Rxa4 Nb5 20. Bxb5+ axb5 21. Ra1 (21. Rb4 $6 Bc4
$1) 21... Nc6 22. Be3 Rd3 {So oder ähnlich, Schwarz erreicht maximal
Ausgleich.}) 15. f4 $5 {Sehr engagiert ! Die Partie gibt Schmid recht; nun
hätte Herr Jung nehmen sollen bzw. später g5 unterlassen sollen...} (15. c4
g6 $11) 15... Bd6 (15... exf4 $5 16. Nh5 $1 c4 $5 17. Nxf4 (17. dxc4 $4 d3 18.
Bg4 Bxg4 19. hxg4 d2 $3) 17... dxc3 18. bxc3 cxd3 19. Bh5+ (19. Nxe6 $143 dxe2
20. Qxd7+ Rxd7 $17) 19... Bf7 20. Bxf7+ Qxf7 21. Be3 $13) 16. f5 (16. Bh5+ $5
Bf7 17. Bxf7+ Qxf7 18. Nhf5) 16... Bf7 $15 17. c4 Bc7 (17... O-O 18. Bd2 $11)
18. Bd2 g5 $5 {Die Krisis der Partie; sollte Schwarz den Königsflügel
aufmischen können ?! oder wird er dort erlegt ?!} 19. fxg6 (19. Nh5 Qd6 20.
Ng7+ Kd7 $14) 19... hxg6 $14 20. Nf3 (20. Nxg6 Bxg6 21. Nh5 Bxh5 22. Bxh5+ Rxh5
23. Qxh5+ Qf7 $14) 20... Be6 (20... N8e7 21. Qe1 $11) (20... Bxc4 21. dxc4 d3
22. Bc3 dxe2 23. Qxe2 Nd4 24. Qf2 Qe6 25. Nh2 $13) 21. Qe1 (21. Nh2 O-O $14)
21... Qg7 (21... Qh7 22. Nh2 O-O 23. b4 cxb4 24. Bxb4 Nxb4 25. Qxb4 $11) 22.
Nh2 $14 Rd7 (22... N8e7 23. Bg4 Bf7 24. Qf2 $14) 23. Bg4 Bxg4 24. Nxg4 Rf7 25.
Rf3 Nd6 26. Qf2 Ke7 (26... Bd8 27. Rf1 $16) 27. Rf1 Bxa5 (27... Kd8 28. Nxf6
Kc8 29. Nd5 $16) 28. Nxf6 (28. Rxf6 $6 Bxd2 29. Qxd2 Rhf8 $14) 28... Rxf6 $4 {
Schwarz zeigt sich dem Druck nicht mehr gewachsen} (28... Bxd2 $142 29. Qxd2
Rhf8 $18) 29. Bg5 $18 (29. Rxf6 $6 {ist deutlich schlechter} Bxd2 30. Qxd2 Qxf6
31. Rxf6 Kxf6 $16) 29... Ne8 (29... Be1 {ist ein letzter Versuch} 30. Qxe1 Ne8
31. Rxf6 Nxf6 32. Bxf6+ Qxf6 33. Rxf6 Kxf6 $18) 30. Rxf6 (30. Rxf6 Kd7 31. Rf7+
Qxf7 32. Qxf7+ Kc8 33. Qxg6 $18) 1-0

[Event "Baskisches Schach (25 min.)"]
[Site "?"]
[Date "2014.07.10"]
[Round "?"]
[White "JUNG, Gerald"]
[Black "BUCHAL, Stephan"]
[Result "1-0"]
[WhiteElo "1847"]
[BlackElo "2269"]
[Annotator "EMS - Fritz 13 (17s)"]
[PlyCount "93"]
[EventDate "2014.01.02"]
[SourceDate "2015.04.14"]

1. Nc3 g6 2. h4 (2. e4 c6 3. Bc4 d5 4. exd5 b5 5. Bb3 b4 6. Qf3 $5 bxc3 7. dxc6
Nf6 8. c7 Qxc7 9. Qxa8 Qe5+ 10. Ne2 cxb2 11. Bxb2 Qxb2 12. O-O Qe5 13. Ba4+ Kd8
14. Rab1 Nbd7 15. Nc3 (15. Qxa7 $5) 15... Qa5 (15... a6 $5) 16. Rb5 Qa6 17. Bb3
Nb6 18. Qf3 Bd7 19. Re5 Bg4 20. Qf4 Nbd7 21. Rd5 Qc8 22. Qd4 Bg7 23. Ra5 a6 24.
Bxf7 e6 25. Ne4 Ke7 26. Re1 Bf5 27. Ng5 Qc7 28. Rxa6 Ng4 29. Qb4+ Qc5 30.
Raxe6+ Bxe6 31. Rxe6+ {1-0 Fischer,M (2065)-Lutz,G (2090)/Bayern 1998/EXT 2000}
) 2... h5 $6 3. e4 $14 c6 4. Bc4 $5 d5 $5 5. exd5 b5 6. Bb3 b4 {Diagramm [#]}
7. Ne4 $1 cxd5 8. Ng5 $1 {Nun kann ihn h6 ja nicht vertreiben ... :-)} Nf6 $146
(8... Nh6 9. Qf3 $5 e6 10. a3 Nc6 $5 11. axb4 Bxb4 12. c3 Be7 13. d4 O-O 14.
Ne2 Rb8 15. Bc2 e5 $6 16. Nh7 $2 (16. Qg3 $5) 16... e4 $6 (16... Re8 $1) 17.
Qf4 Kxh7 18. Qxh6+ Kg8 19. Ng3 $6 (19. Nf4 $1) 19... Bg4 $15 20. Nf1 Be6 21.
Nh2 Bf6 22. Qf4 Bg7 $6 (22... Bxh4 $1 $17)) (8... Bg4 9. f3 Bf5 10. Ne2 $14) 9.
N1f3 Nc6 $2 {Diagramm [#]} (9... Bg7 $5 $14) 10. Ba4 $1 $16 Qd6 11. Bxc6+ (11.
Nxf7 $5 Kxf7 $8 12. Bxc6 {Komodo32 Version 4-c2:1)} Rb8 ({Komodo32 Version
4-c2:2)} 12... Ba6 13. d3 Rc8 14. Ba4 Bg7 15. Ng5+ Kg8 16. Qe2 $16) 13. d4 $16
Bg4 14. Ba4 Qe6+ 15. Ne5+ Qxe5+ 16. dxe5 Bxd1 17. exf6 Bg4 18. f3 Bf5 19. fxe7
Bxe7 20. Bf4 Rbc8 21. O-O-O Rhd8 22. Bb3 Be6 23. Kb1 a5 24. Rde1 Bf6 25. Re2
$16) 11... Qxc6 12. Ne5 (12. Nxf7 $5) 12... Qc7 (12... Qa6 13. Ngxf7 Rg8 14. d4
$16) (12... Qb6 $5) 13. Nexf7 $1 (13. Ngxf7 $2 Rh7 $17 14. a3 Bf5 15. axb4 Rxf7
16. Nxf7 Bxc2 $17) 13... Rg8 14. Qe2 $1 Qb6 $2 (14... Rb8 $5 15. d4 Bg7 $16) (
14... Bg7 $5) 15. d3 $18 Bf5 (15... Ng4 16. Bf4 e6 17. f3 $18) 16. Bf4 (16. Be3
d4 17. Bf4 e6 $18) 16... e6 17. O-O-O (17. O-O Nh7 $18) 17... Rg7 18. Nh6 (18.
Ne5 Bd6 $18) 18... Re7 19. Nxf5 (19. Be5 Bxh6 20. Bxf6 Rc7 21. Rd2 Rac8 22. Kb1
$16) 19... exf5 20. Qf3 (20. Qd2 O-O-O $18 21. Rhe1) 20... Rd8 (20... O-O-O $5
$18 21. Rhe1) 21. Rhe1 (21. Rde1 Rdd7 $18) 21... Rdd7 22. Be5 (22. Be3 d4 23.
Bd2 Bh6 $18) 22... Ng4 23. d4 Bh6 24. Qg3 (24. Qf4 a5 $18) 24... Bxg5+ 25. hxg5
Kf7 26. f3 (26. Kb1 Re6 $18) 26... Nxe5 27. Rxe5 (27. dxe5 Qc5 $18) 27... Rxe5
28. Qxe5 (28. dxe5 $6 Qe3+ 29. Kb1 f4 30. e6+ Kxe6 31. Qh3+ Ke7 $11) 28... Qd6
29. Re1 $1 (29. Qh8 $5 Re7 $132 (29... Qf4+ $6 30. Kb1 Qxg5 31. Qh7+ Ke6 32.
Qg8+ Kd6 33. Qb8+ Kc6 34. Qc8+ Rc7 35. Qa6+ Kd7 36. Re1 $40)) 29... Qxe5 30.
Rxe5 (30. dxe5 $6 Rc7 $14) 30... Rd6 31. Kd2 (31. b3 h4 $18) 31... Ra6 32. Rxd5
Rxa2 33. Rd7+ Kg8 (33... Kf8 34. b3 Ra1 35. Rd6 $18) (33... Ke6 34. Rg7 Rxb2
35. Rxg6+ Kd5 36. Kd3 Rb1 37. Ra6 Rg1 $5 38. Rxa7 Rxg2 39. Ra5+ Ke6 40. Re5+
Kd7 41. Rxf5 $18) 34. b3 $18 (34. d5 $5 b3 (34... Kf8 35. Kd3 Rxb2 36. Rxa7 Rb1
37. Kd4 $18) 35. d6 $18 Kf8 (35... Rxb2 $2 36. Rc7 $18) 36. c4 Rxb2+ 37. Kc3
Rxg2 38. Kxb3 Rxg5 39. Rxa7 $18) 34... Ra1 (34... a5 35. d5 Kf8 36. Kd3 $18)
35. Ke2 (35. Re7 $5 h4 (35... f4 36. Re2 Ra5 37. Kd3 Rxg5 38. Kc4 a5 39. d5 $18
) (35... Rg1 36. Re2 $18) 36. Re2 $18) 35... Rg1 $16 36. Kf2 Rc1 37. Rc7 (37.
Rxa7 Rxc2+ 38. Kg3 $16) 37... Rd1 $6 (37... f4 $5 $16) 38. Ke3 $18 Rg1 (38...
a5 $18 39. g3 Kf8 40. Rc5 Ra1 41. Rc6 Kf7 42. Kf4 $18) (38... h4 39. Rxa7 f4+
40. Ke4 $18) 39. d5 $18 (39. Kf4 $18) 39... Kf8 (39... Rd1 40. Rc5 Kf8 $18) 40.
d6 (40. Kf4 $5 Re1 41. Rxa7 h4 $18) 40... Ke8 (40... Rd1 41. Rc4 (41. d7 Ke7
42. Rxa7 Rc1 43. Ra6 Kxd7 44. Rxg6 Rxc2 45. Rg7+ Ke6 46. Kf4 Rxg2 47. Rb7 Kd5
48. Kxf5 $18) 41... Rxd6 42. Rxb4 a5 43. Rb8+ Ke7 44. c4 $18) 41. Rg7 Rxg2 42.
Rxg6 h4 (42... Kd7 43. Kf4 Rxc2 44. Rh6 $18) 43. Rh6 $6 (43. Kf4 h3 44. Rh6 $18
h2 45. Rh7 Rxc2 46. Ke5 Rd2 47. g6) 43... Rxg5 44. Rxh4 Kd7 $6 (44... Rg2 45.
Rxb4 Rxc2 $13) 45. Rxb4 $18 Kxd6 46. Kf4 Rg2 47. c4 $18 1-0

[Event "ONEM Verden A-Open"]
[Site "?"]
[Date "2016.01.04"]
[Round "3"]
[White "JUNG, Gerald"]
[Black "HACHTMANN, Christian"]
[Result "1/2-1/2"]
[WhiteElo "1860"]
[BlackElo "1999"]
[Annotator "EMS - Komodo 8 32-bit (27s)"]
[PlyCount "29"]
[EventDate "2016.??.??"]
[SourceDate "2015.04.14"]

1. Nc3 d5 2. e4 dxe4 3. Nxe4 e5 4. Bc4 Nc6 5. Nf3 Be7 6. d3 Nf6 7. Neg5 O-O 8.
Nxf7 Rxf7 9. Ng5 Bg4 $2 $146 (9... Nd5 10. Nxf7 Kxf7 11. Qf3+ Ke6 12. Be3 Na5 (
12... Ncb4 13. O-O-O Qf8 14. Qxf8 Bxf8 15. f4 b5 16. Bb3 a5 17. Rhe1 a4 18.
Bxd5+ Kxd5 19. fxe5 Nxa2+ 20. Kb1 Nb4 21. c4+ Ke6 22. c5 Bb7 23. Re2 Rd8 24.
Rf2 Be7 25. Ka1 Rxd3 26. Rxd3 Nxd3 27. Rc2 {Strik,A-Drel,N Haarlem 1999 0-1}) (
12... Bf6 13. O-O-O Nce7 14. g4 g6 15. d4 c6 16. dxe5 Bxe5 17. Rhe1 Kd6 18. Bg5
Be6 19. Rxe5 Kxe5 20. Qg3+ {1-0 (20) Pel,B (2310)-Treybal,D (2236) Olomouc 2005
}) 13. O-O-O c6 14. Rhe1 Qf8 15. Bxd5+ cxd5 16. Qg3 Nc6 17. Bf4 Kf7 18. Bxe5
Kg8 19. Kb1 Bf5 20. f4 Qf7 21. Rd2 d4 22. a3 Nxe5 23. fxe5 Be6 {1/2-1/2 (23)
Gonzalez Rodriguez,J-De Greif,B (2320) Bogota 1976}) (9... Nd5 $142 10. Nxf7
Kxf7 11. Qf3+ Ke6 $16) 10. Bxf7+ $6 (10. Nxf7 $1 Qd4 11. Nxe5+ Kh8 12. Nf7+ Kg8
$18) 10... Kf8 (10... Kh8 11. Bb3 (11. Be6 Bxe6 (11... Bxd1 12. Nf7+ Kg8 13.
Nxd8+ Kf8 14. Nxc6 Bxc2 15. Nxe5 $18) 12. Nxe6 Qd5 13. Ng5 Qxg2 14. Qf3 Qxf3
15. Nxf3 Nb4 16. Kd2 e4 17. Re1 Nxd3 18. cxd3 Bb4+ 19. Kc2 exf3 20. Re3 Nd5 21.
Rxf3 Bd6 22. h3 $16) 11... Qe8 12. Nf7+ Qxf7 13. Bxf7 Bxd1 14. Kxd1 $18) 11.
Ne6+ Bxe6 12. Bxe6 Nd4 (12... Qd6 13. Bb3 $18) 13. Bh3 Qd6 14. O-O Rd8 15. Be3
{Hier bot ich - im Nachhinein völlig unverständlich- Remis an ; mir schien
ein langer unklarer Kampf bevorzustehen... ich nahm die Taube auf dem Dach und
damit eine lange Mittagspause.} 1/2-1/2

[Event "OBEM Mahndorf"]
[Site "?"]
[Date "2016.03.21"]
[Round "4"]
[White "JUNG, Gerald"]
[Black "STEINGRÄBER, Kai-Uwe"]
[Result "0-1"]
[WhiteElo "1849"]
[BlackElo "2123"]
[Annotator "EMS - Deep Rybka 4 w32 (17s)"]
[PlyCount "108"]
[EventDate "2016.??.??"]
[SourceDate "2015.04.14"]

1. Nc3 c5 2. Nf3 e6 3. d4 cxd4 4. Qxd4 (4. Nxd4 d5 (4... Nf6 5. g3 Nc6 6. Nxc6
bxc6 7. Bg2 Be7 8. O-O O-O 9. e4 d5 10. e5 Nd7 11. Re1 Rb8 12. b3 f6 13. exf6
Bxf6 14. Bb2 e5 15. Na4 e4 16. c4 Bxb2 17. Nxb2 Qf6 18. Qd2 Ne5 19. cxd5 {
Morais,V (1995)-Pires,G (2149)/Lisbon 2013/EXT 2015/0-1}) 5. Bf4 Bd6 6. Bxd6
Qxd6 7. e4 Nf6 8. Ndb5 Qe5 9. Qd2 dxe4 10. Nd6+ Ke7 11. Nc4 Qc7 12. O-O-O Bd7
13. Qe3 Na6 14. Nxe4 Nxe4 15. Qxe4 Bc6 16. Qh4+ f6 17. Ne3 Rad8 18. Rxd8 Kxd8 {
Mikhaletz,L (2480)-Simonian,H (2452)/Khmelnitsky 2008/CBM 126 Extra/0-1 (56)})
4... Nc6 5. Qa4 Bc5 $146 (5... d5 6. e4 dxe4 7. Nxe4 Qc7 8. Be3 Be7 9. O-O-O
Nf6 10. Nxf6+ Bxf6 11. Bc5 Bd7 12. Bd6 Qb6 13. Qb5 Qxb5 14. Bxb5 O-O-O 15. Rhe1
Ne7 16. Bf1 Nf5 17. Bf4 Bc6 18. Ne5 Bxe5 19. Bxe5 f6 20. Bf4 {Rodriguez
Izquierdo,B-Chicote Franco,G/Valladolid 1995/EXT 2009/1/2-1/2 (61)}) 6. Ne4 (6.
Bg5 Qb6 7. O-O-O h6 $11) 6... Be7 7. Bf4 (7. Nc3 Nf6 $11) 7... d5 $15 8. O-O-O
(8. Rd1 f5 9. Nc3 Nf6 $15) 8... Nf6 (8... f5 9. Ned2 $15) 9. Nxf6+ $11 Bxf6 10.
e4 Qb6 11. e5 (11. Bb5 a6 (11... O-O 12. exd5 exd5 13. Be3 Qd8 14. Rhe1 $14)
12. Bxc6+ Qxc6 13. Qxc6+ bxc6 $11) 11... Be7 12. Qb3 (12. Be3 Bc5 $11) 12...
Qc7 (12... Qxb3 13. axb3 O-O 14. c3 $11) 13. Bd3 (13. Kb1 O-O $11) 13... Bd7 (
13... Na5 14. Bb5+ Bd7 15. Qa4 $15) 14. c3 $15 h6 (14... Nb4 15. Kb1 Nxd3 16.
Rxd3 $11) 15. Kb1 $11 Na5 (15... b5 16. Bxb5 Rb8 17. Qa4 $11) 16. Qc2 b5 17. h4
Rb8 18. Ka1 (18. Rc1 Nc4 $11) 18... Nc4 (18... b4 19. cxb4 Qxc2 20. Bxc2 $15)
19. g3 $6 (19. Rh3 b4 20. Rc1 Rc8 $11) (19. g4 $5) 19... Bc5 (19... Qb6 20. b3
Na3 21. Qe2 $11) 20. Qe2 (20. h5 Qb6 $11) 20... a5 (20... b4 21. cxb4 Rxb4 22.
Bd2 Nxd2 23. Rxd2 $15) 21. Rc1 $11 Qa7 (21... a4 22. a3 $11) 22. Rc2 (22. b3
Nb6 $11 (22... Bxf2 $143 23. bxc4 bxc4 24. Bc2 $16)) 22... Ke7 (22... a4 23. a3
$11) 23. Rd1 (23. Bc1 b4 $11) 23... Rhc8 $15 24. g4 Bb6 (24... b4 25. Bc1 $15)
25. h5 (25. g5 $5 Rh8 (25... h5 26. g6 $5) (25... hxg5 26. Nxg5 Rh8 27. Qf3
Rxh4 $2 28. Bg3 $18) 26. gxh6 gxh6 27. Nh2 $14) 25... b4 $11 26. Bc1 Bd8 (26...
bxc3 27. Rxc3 a4 28. Bxc4 Rxc4 29. Rxc4 $11) 27. b3 ({Hochgradig komplizierte
Varianten entstehen nach :} 27. g5 $1 {Houdini 1.5a w32:1)} a4 $1 ({Houdini 1.
5a w32:2)} 27... Qb6 $2 28. b3 (28. cxb4 Qxb4 29. gxh6 gxh6 30. Bxh6 $18) 28...
bxc3 29. Bxc4 (29. gxh6 $18) 29... dxc4 (29... Rxc4 30. gxh6 gxh6 31. Ba3+ Rb4
32. Rxc3 Rc8 33. Rxc8 Bxc8 34. Qd2 $18) 30. Ba3+ Ke8 31. Rxc3 Be7 (31... hxg5
32. Qd2 Rc7 33. Rxc4 Bc6 34. Rd4 Bd5 35. Nxg5 $18) 32. gxh6 gxh6 33. Bd6 $1 Bc6
(33... cxb3 $2 34. Rxb3 $18) 34. Bxb8 Bb4 35. Rxc4 Rxb8 36. Nd4 Bd5 37. Rc2 Bf8
38. f4 Ba3 39. f5 a4 40. fxe6 (40. bxa4 Be4 41. Nb5 Bxc2 42. Qxc2 Qc5 43. Qxc5
Bxc5 44. Nc7+ Kf8 45. fxe6 Bb4 46. Rd3 fxe6 47. Nxe6+ Kf7 48. Nd4 $18) 40...
axb3 41. axb3 fxe6 (41... Bc5 42. Qb5+ Qxb5 43. Nxb5 Bxb3 44. exf7+ Ke7 45.
Rxc5 Ra8+ 46. Kb2 Bxd1 47. Rc7+ (47. e6 $6 Bg4 48. Nc7 Rb8+ 49. Kc3 Bxe6 50.
Re5 Kxf7 51. Rxe6 Rb5 52. Rxh6 Rg5 $132) 47... Ke6 48. Rc1 Rb8 49. f8=Q Rxf8
50. Nd4+ Kxe5 51. Rxd1 Rf4 52. Kc3 $18) 42. Qd3 $18 Bc5 43. Qg6+ Ke7 44. Qg7+
Ke8 45. Qg8+ Kd7 (45... Ke7 $2 46. Nf5+ $1 exf5 47. Qxd5 $18) 46. Qf7+ Be7 47.
Kb1 $18) ({Houdini 1.5a w32:3)} 27... bxc3 $6 28. Rxc3 (28. gxh6 cxb2+ 29. Bxb2
Rxb2 $5 30. Rxb2 gxh6 31. Bxc4 Rxc4 32. Qd2 $14) 28... a4 (28... Qb6 29. gxh6
gxh6 30. Rb3 $18) 29. Bxc4 Ba5 30. gxh6 gxh6 (30... Bxc3 $2 31. hxg7 $3 $18 Ba5
$2 32. Bg5+ f6 33. Bxf6+ Kf7 34. Ng5+ Kg8 35. Bd3 Rc1+ 36. Rxc1 Rf8 37. Bh7#)
31. Rc2 a3 (31... dxc4 32. Bxh6 $3 c3 33. Qd3 $3 $40 Rh8 34. Bg7 Bb5 35. Qd6+
Ke8 36. Nd4 cxb2+ 37. Kb1 Qb6 38. Nxb5 Qxb5 39. Bxh8 Rd8 40. Qc6+ Qxc6 41.
Rxd8+ Bxd8 42. Rxc6 $18) 32. b3 dxc4 33. Bxa3+) 28. cxb4 $16 a3 29. gxh6 $1 (
29. b3 $6 Nb2 $13 30. gxh6 $5 {Houdini 1.5a w32:} gxh6 31. Rxc8 Rxc8 32. Bxb2
axb2+ 33. Qxb2 Bb6 34. Qd2 $16 Ra8 35. Bb1 Qa3 36. Nd4 (36. Qxh6 $6 Qxb3 $132
37. Qf6+ Ke8 38. Rd2 Ra3 $1 39. Qh8+ Ke7 40. Qf6+ Ke8 41. Qh8+ $11) 36... Rg8
37. Nc2 (37. Qxh6 Qxb4 38. Ne2 Rg1 $3 $132 39. Qd2 Qxd2 40. Rxd2 Rh1 41. Ng3
Rh2 42. a4 Bc7 43. Re2 f6 44. exf6+ Kxf6 $13) 37... Qa7 38. f4 Rg3 39. Kb2 Rh3
40. a4 Rxh5 41. a5 $16 {Houdini 1.5a w32:} Bf2 42. Ka3 Kd8 43. Rf1 Rh2 44. f5
Bg3 45. Qc3 Rf2 46. Rxf2 Bxf2 47. Qh3 (47. f6 $6 h5 $132) 47... exf5 48. Qxh6
Be6 49. Ka4 $1 Qb8 50. Qd2 Qb5+ 51. Ka3 Qf1 52. Ka2 $16 Bg1 $13) 29... gxh6 (
29... axb2+ 30. Bxb2 gxh6 31. Bxc4) 30. Bxc4 axb2+ 31. Bxb2 Ba4 (31... dxc4 $2
32. Qd2 $1 Ba4 33. Qd6+ Ke8 34. Rg1 Bg5 35. Nxg5 Rb6 (35... hxg5 36. Rxg5 f5
37. Qxe6+ Kd8 38. Rg8+ Kc7 39. Rg7+ Kd8 40. Qf6+ Ke8 41. Rg8+ Kd7 42. Qd6#) 36.
Ne4 $1 Rxd6 37. Nxd6+ Kd7 38. Nxc8 $18 {Houdini 1.5a w32:} Kxc8 39. Rxc4+ Kd8
40. Rd4+ Kc8 41. Rc1+ Kb7 42. Rdc4 Qb6 43. Bd4 $18) 32. Bd4 Qa8 33. Bxd5 $3
Rxc2 $8 (33... Qxd5 34. Bc5+ Rxc5 35. Rxd5 Rxc2 36. Rd2 $18) 34. Bc5+ Ke8 35.
Qxc2 Bxc2 36. Bxa8 Rxa8 (36... Bxd1 37. Bc6#) 37. Rc1 Bb3 38. a3 Bd5 (38...
Rxa3+ $2 39. Kb2 $18) 39. Rc3 {Houdini 1.5a w32:} Bc7 40. Bd4 Kd7 41. Nd2 f6
42. exf6 e5 43. Bc5 e4 44. Bd4 Bf4 45. Nc4 Bxc4 46. Rxc4 Rxa3+ 47. Kb2 $18)
27... Na3 (27... Nb6 28. cxb4 a4 29. Rxc8 Rxc8 30. Kb1 $14) 28. Bxa3 $14 bxa3
29. c4 (29. g5 a4 30. b4 $14) 29... a4 $17 30. cxd5 exd5 31. Bf5 Be6 (31... Ba5
$5 32. Rxc8 Rxc8 33. Bxd7 Bc3+ 34. Kb1 Qxd7 $15) 32. Bxe6 $11 fxe6 33. Nd4 Qb6
(33... axb3 34. axb3 Qd7 35. Rdc1 $14) 34. Qd3 (34. f4 Kf7 35. Qd3 Kg8 36. f5
$5) 34... Kd7 35. Rdc1 $6 (35. f4 $5 Rxc2 36. Qxc2 $11 Rc8 37. Qd3 $13) 35...
Bg5 $15 36. Rxc8 Rxc8 37. Rxc8 Kxc8 38. Qc3+ $4 (38. Kb1 $142 $15) 38... Kd7
$19 39. bxa4 $6 (39. Kb1 Bf4 40. Qd3 Bxe5 41. Nf3 $19) 39... Bc1 $3 40. Qxc1
Qxd4+ 41. Kb1 Qb4+ (41... Qe4+ $142 42. Qc2 Qe1+ 43. Qc1 Qb4+ 44. Kc2 Qxa4+ 45.
Kd3 Qe4+ 46. Kd2 Qf4+ 47. Kc2 Qc4+ 48. Kb1 Qe4+ 49. Qc2 Qxg4 $19) 42. Ka1 (42.
Kc2 Qxa4+ 43. Kd3 Qe4+ 44. Kd2 Qf4+ 45. Kc2 Qc4+ 46. Kb1 Qe4+ 47. Qc2 Qxg4 $19)
42... Qxa4 (42... d4 43. f4 d3 44. f5 d2 45. fxe6+ Kxe6 46. Qc6+ Kxe5 47. Qe8+
Kf4 48. Qf7+ Kg3 49. Qb3+ Qxb3 50. axb3 d1=Q+ 51. Ka2 Qc1 52. a5 Qb2#) 43. f4
$4 (43. Kb1 Qe4+ 44. Qc2 Qxg4 $19) 43... Kd8 (43... Qd4+ 44. Kb1 Qd3+ 45. Ka1
$19) 44. Qd2 Qb5 45. Qf2 Ke8 46. Qc2 Qf1+ 47. Qb1 Qxf4 48. Qb8+ Kf7 49. Qa7+ (
49. Qb7+ Kg8 50. Qc8+ Qf8 51. Qxe6+ Kh8 $19) 49... Kg8 50. Qxa3 Qxe5+ 51. Kb1
Qe4+ 52. Kc1 Kf7 (52... Qc4+ 53. Kb2 $19) 53. Qa7+ Kf6 54. a4 d4 (54... Qxg4 $6
55. Qf2+ Kg5 56. Qd2+ Kf5 57. a5 $17) 0-1